Musical by Creative Song Trios Quiz Stats

 Plays Quiz Updated Sep 3, 2018

Score 0/25 Timer 08:00
1 Play Today
% Correct
Wicked
89.4%
The Phantom of the Opera
88.8%
Beauty and the Beast
86.3%
Grease
84.2%
West Side Story
82.9%
The Lion King
77.3%
Hamilton
76.5%
A Chorus Line
75.7%
Annie Get Your Gun
74.8%
Spamalot
74.3%
Kinky Boots
74.1%
Into the Woods
69.7%
Sweeney Todd
67.8%
% Correct
Avenue Q
67.6%
The Sound of Music
66.6%
Guys and Dolls
63.1%
The Book of Mormon
60%
Oliver!
56.9%
The Music Man
53.1%
Hairspray
52.7%
Thoroughly Modern Millie
45.9%
How to Succeed in Business without Really Trying
43.9%
Fiddler on the Roof
41.3%
Anything Goes
39.9%
Bye Bye Birdie
36.5%

You're not logged in!

Compare scores with friends on all Sporcle quizzes.
OR
Log In

Sporcle TV

Today on Sporcle TV


Watch our educational content, quiz creation guides, and fun videos on Sporcle TV.

Show Comments

Extras

Top Quizzes Today


Score Distribution

Your Account Isn't Verified!

In order to create a playlist on Sporcle, you need to verify the email address you used during registration. Go to your Sporcle Settings to finish the process.

Report this User

Report this user for behavior that violates our Community Guidelines.

Details: